|
|
|
|
| LEADER |
00000nam0a2200000 4500 |
| 001 |
350346 |
| 005 |
20231102010307.0 |
| 035 |
|
|
|a (RuTPU)RU\TPU\retro\4324
|
| 090 |
|
|
|a 350346
|
| 100 |
|
|
|a 20190121d1915 k y0rusy50 ca
|
| 101 |
0 |
|
|a rus
|
| 102 |
|
|
|a RU
|
| 105 |
|
|
|a a z 001zy
|
| 200 |
1 |
|
|a Травление шлифов при высокой температуре в вакууме и определение при помощи этого метода точек линии выделения цементита (SE) в диаграмме плавкости системы
|e железо-углерод
|e [оттиск статьи]
|f Н. П. Чижевский, Н. Шульгин
|
| 210 |
|
|
|a Петроград
|c Типография Р. Г. Шредера
|d 1915
|
| 215 |
|
|
|a 13 с.
|c ил.
|
| 225 |
1 |
|
|a Журнал Русского Металлургического Общества
|
| 300 |
|
|
|a Напечатано гражданским шрифтом
|
| 300 |
|
|
|a Отдельный оттиск из "Журнала Русского Металлургического Общества 1915 г."
|
| 316 |
|
|
|5 63413507: 26//2122
|a На с. 1 дарственная надпись: "Глубокоуважаемому товарищу Льву Львовичу Тове от Н. Шульгина"
|
| 317 |
|
|
|5 63413507: 26//2122
|a Поступила в НТБ в 1918 г. в составе книжного собрания профессора ТТИ Л. Л. Тове
|
| 606 |
1 |
|
|a Шлифы металлографические
|x Травление
|2 stltpush
|3 (RuTPU)RU\TPU\subj\19265
|9 44531
|
| 610 |
1 |
|
|a образцы
|
| 610 |
1 |
|
|a приборы
|
| 610 |
1 |
|
|a опыты
|
| 610 |
1 |
|
|a цементитные линии
|
| 610 |
1 |
|
|a графики
|
| 610 |
1 |
|
|a кривые
|
| 610 |
1 |
|
|a выводы
|
| 610 |
1 |
|
|a дарственные надписи
|
| 610 |
1 |
|
|a коллекция Л. Л. Тове
|
| 675 |
|
|
|a 669.620.18
|v 3
|
| 700 |
|
1 |
|a Чижевский
|b Н. П.
|c российский металлург
|c профессор Томского технологического института
|f 1873-1952
|g Николай Прокопьевич
|2 stltpush
|3 (RuTPU)RU\TPU\pers\7962
|
| 701 |
|
1 |
|a Шульгин
|b Н.
|
| 801 |
|
1 |
|a RU
|b 63413507
|c 20190121
|
| 801 |
|
2 |
|a RU
|b 63413507
|c 20190201
|g RCR
|
| 942 |
|
|
|c BK
|